Responses for show #2467 - Tuesday, May 2, 1995

1995 College Championship quarterfinal game 2.

Contestants

Scott Hackler, a sophomore from Louisiana State University

Cynthia Greenlee, a junior from the University of North Carolina

Josh Elman, a sophomore from Stanford University

Jeopardy! Round responses

NICKNAMES
GHOSTS
1995 GRAMMYS
STATE CAPITALS
FOOD
ANAGRAMS
    $100 7
Columbus

Scott
    $100 25
Dickens

Scott
    $100 6
Sheryl Crow

Cynthia
    $100 1
Sacramento

Josh
    $100 17
deer

Josh
    $100 12
si (from is)

Scott
    $200 8
Margaret Thatcher

Cynthia
    $200 26
(Daniel) Defoe

Scott
    $200 20
Tony Bennett

Josh
    $200 2
Annapolis

Cynthia
    $200 18
pancakes

Cynthia
    $200 13
go (from Og)

Cynthia
    $300 9
Darwin

Scott
    $300 27
(Scott: Who is Madison?)

Aaron Burr

Scott
Triple Stumper
    $500 21
(Josh: Who is Counting Crows?)
[Isolated laughter]

Aerosmith

Josh
    $300 3
Harrisburg

Scott
    $300 19
macadamia nuts

Josh
    $300 14
of (from fo)

Scott
    $400 10
(Cynthia: Who is Wordsworth?)

Henry Wadsworth Longfellow

Cynthia
Triple Stumper
    $400 28
(Jean) Lafitte

Scott
    $400 22
(Josh: What is The Lion King?)

Philadelphia

JoshCynthia
    $400 4
Providence

Cynthia
    $400 23
an eclair

Josh
    $400 15
(Josh: What is T [tih or teh?] ?)

la (from Al)

JoshCynthia
    $500 11
"Mad" Anthony Wayne

Scott
    $500 29
the Flying Dutchman

Scott
    $500 30
Salt-N-Pepa

Cynthia
    $500 5
Jefferson City (Missouri)

Scott
    $500 24
(Josh: What is lettuce?)

cabbage

Josh
Triple Stumper
    $500 16
(Cynthia: What is... Kabuki?)

no (from on)

Cynthia
Triple Stumper

Scores at the first commercial break (after clue 16):

Josh Cynthia Scott
-$300 $600 $2,100

Scores at the end of the Jeopardy! Round:

Josh Cynthia Scott
-$700 $1,700 $3,000

Double Jeopardy! Round responses

U.S. HISTORY
ARCHAEOLOGY
LITERARY TERMS
LANGUAGES
COLLEGES & UNIVERSITIES
THEATRE
    $200 26
the Constitution

Scott
    $200 16
China

Cynthia
    $200 21
Chaucer

Cynthia
    $200 4
Swahili

Josh
    $200 1
Edinburgh

Cynthia
    $200 10
The King and I

Scott
    $400 27
the War of 1812

Cynthia
    $400 17
carbon-14

Cynthia
    $400 22
a denouement

Cynthia
    $400 6
Russian

Cynthia
    $400 2
1876

Scott
    $400 11
Cat on a Hot Tin Roof

Cynthia
    $600 28
Coolidge

Josh
    $600 18
Nefertiti

Scott
    $600 23
an essay

Josh
    $600 7
Maori

Cynthia
    $600 3
Sarah Lawrence

Cynthia
    $600 12
Churches

Scott
    $800 29
Grant

Josh
    $800 19
the Druids

Cynthia
    $800 24
Goethe

Cynthia
    $800 8
Latin

Cynthia
    $800 5
Northwestern

Cynthia
    $800 13
Moliere

Cynthia
    $1000 30
(Scott: What are cornhuskers?)

sodbusters

Scott
Triple Stumper
    $1,000 20
the Neolithic Age

Cynthia
    $1,000 25
(Cynthia: Um... what is the... limerick?)

satire

Cynthia
    $1000 9
India

Cynthia
    $1000 15
Georgetown

Scott
    $1000 14
commedia dell'arte

Cynthia

Scores at the end of the Double Jeopardy! Round:

Josh Cynthia Scott
$1,500 $11,500 $5,000
(lock game)

Final Jeopardy! Round responses

THE ELEMENTS
JoshWhat is uranium
$1,500
ScottWhat is zirconium?
$5,000
CynthiaWhat is AYterium?
$0
uranium

Final scores:

Josh Cynthia Scott
$3,000 $11,500 $0
2nd place: $1,000 if eliminated Automatic semifinalist 3rd place: $1,000 if eliminated

Game dynamics:

Coryat scores:

Josh Cynthia Scott
$2,000 $12,500 $5,000
9 R,
4 W
(including 1 DD)
27 R
(including 1 DD),
3 W
(including 1 DD)
17 R,
2 W

Combined Coryat: $19,500

The J! Archive is created by fans, for fans. The Jeopardy! game show and all elements thereof, including but not limited to copyright and trademark thereto, are the property of Jeopardy Productions, Inc. and are protected under law. This website is not affiliated with, sponsored by, or operated by Jeopardy Productions, Inc. Join the discussion at JBoard.tv.